000 01938nam a2200337 i 4500
003 DO-SdBNP
005 20250721111906.0
007 ta
008 250502b2014 dr ao||| |||| 00| 0 spa d
020 _a9789945081459
040 _aDO-SdBNP
_bspa
_cBNPHU
_erda
041 _aspa
082 4 _a923.8
_bB219m, 2014
_222
110 2 _aBanco de Reservas de la República Dominicana
_96285
245 1 0 _aMolina prensa y libertad :
_bobra periodística de Rafael Molina Morillo 1948-2014 /
_ceditor, José Rafael Sosa ; dibujos y caricaturas, Cristian Hernández ; fotografías, Jorge González y Pedro Sosa
246 1 _aMolina prensa & libertad :
_bobra periodística de Rafael Molina Morillo 1948-2014 /
264 1 _aSanto Domingo :
_bBanReservas,
_c2014.
300 _a217 páginas :
_bilustraciones, fotografías :
_c25 cm.
336 _atexto
_btxt
_2rdacontent
337 _asin mediación
_bn
_2rdamedia
338 _avolumen
_bnc
_2rdacarrier
500 _aIncluye datos biografícos del autor en la solapa de la cubierta.
520 _aMolina es caso excepcional del alumno que se hace maestro y crea otra escuela, basada en la formación inicial y orientada a un periodismo comprometido con las ideas de la democracia, el respeto a la constitucionalidad, la defensa de la libertad de expresión a nivel internacional y local, la convivencia pacífica y el apego real a las leyes y principios que norman toda sociedad mínimamente civilizada. Rafael Molina Morillo es fruto de la gran escuela de periodismo que constituyó el diario El Caribe, y que ha aportado tantos profesionales de la comunicación.
590 _aInventariado, 2025/ YL
700 1 _aSosa, José Rafael,
_d1950-
_eeditor
_4ed.
_940541
700 1 _aHernández, Cristian,
_edibujos y caricaturas
_924653
700 1 _aGonzález, Jorge,
_efotografías
_987642
700 1 _aSosa, Pedro,
_efotografías
_987643
910 _aYLockward
942 _2ddc
_cLBS1
999 _c58916
_d58916